[Event "Oberliga Wuerttemberg 1516"]
[Site "Wuerttemberg"]
[Date "2016.03.13"]
[Round "8.7"]
[White "Stiepan, Hans Michael"]
[Black "Haas, Wilhelm"]
[Result "0-1"]
[WhiteElo "2110"]
[BlackElo "2104"]
[PlyCount "76"]
[EventDate "2015.09.20"]
[EventType "team-tourn"]
[EventRounds "9"]
[EventCountry "GER"]
[SourceTitle "EXT 2019"]
[Source "ChessBase"]
[SourceDate "2018.10.10"]
[SourceVersion "1"]
[SourceVersionDate "2018.10.10"]
[SourceQuality "1"]
[WhiteTeam "Jedesheim"]
[BlackTeam "Erdmannhausen"]
[WhiteTeamCountry "GER"]
[BlackTeamCountry "GER"]

1. d4 d5 2. Nf3 Nf6 3. c4 e6 4. Nc3 c6 5. Bg5 Nbd7 6. e3 Qa5 7. Nd2 dxc4 8. Bxf6 Nxf6 9. Nxc4 Qd8 10. Be2 Be7 11. 0-0 0-0 12. Bf3 Rb8 13. Qc2 Bd7 14. Rfd1 Nd5 15. Ne4 Be8 16. Rac1 f6 17. Nc5 Bf7 18. g3 Qc7 19. Bg4 Bxc5 20. dxc5 Qe7 21. Nd6 Bg6 22. Qa4 f5 23. Bf3 b5 24. Qb3 a5 25. Rd4 Kh8 26. Qd1 h6 27. Qd2 a4 28. Qe2 Qf6 29. Rd2 Bh7 30. Re1 Bg8 31. e4 fxe4 32. Bxe4 a3 33. Bxd5 exd5 34. bxa3 Qc3 35. Rc2 Qxa3 36. Qe7 Qf3 37. Qc7 d4 38. Rd2 Bd5 0-1

[Event "Boeblinger op 31st"]
[Site "Boeblingen"]
[Date "2014.12.30"]
[Round "6"]
[White "Baldauf, Marco"]
[Black "Haas, Wilhelm"]
[Result "1-0"]
[WhiteElo "2393"]
[BlackElo "2176"]
[PlyCount "93"]
[EventDate "2014.12.26"]
[EventType "swiss"]
[EventRounds "9"]
[EventCountry "GER"]
[SourceTitle "CBM 164 Extra"]
[Source "ChessBase"]
[SourceDate "2015.03.02"]
[SourceVersion "1"]
[SourceVersionDate "2015.03.02"]
[SourceQuality "1"]

1. d4 Nf6 2. c4 g6 3. Nc3 Bg7 4. e4 d6 5. f3 0-0 6. Nge2 e5 7. Bg5 c6 8. Qd2 Qc7 9. d5 c5 10. g4 a6 11. Ng3 b5 12. cxb5 axb5 13. Bxb5 Ba6 14. 0-0 Bxb5 15. Nxb5 Qb6 16. a4 Nbd7 17. Be3 Rfc8 18. Rfc1 Bf8 19. Ne2 Qb7 20. b3 Ne8 21. Nec3 Nc7 22. Qb2 Na6 23. Nb1 Nb6 24. N1a3 Nb4 25. Qd2 Qd7 26. Kh1 Ra6 27. Rab1 Qb7 28. Rg1 Be7 29. Rbc1 Bf8 30. h4 Qd7 31. Rg3 Rb8 32. Kg2 Rb7 33. Rh1 Qd8 34. h5 Rd7 35. Rgh3 Qa8 36. Kg3 Qb7 37. Bg5 Ra8 38. R3h2 Ra6 39. Rc1 Ra8 40. Qd1 Bg7 41. Qd2 Qb8 42. Rch1 Bf8 43. Bf6 Qb7 44. Rd1 Ra6 45. Rdh1 Ra8 46. Qg5 h6 47. hxg6 1-0

[Event "Oberliga Wuerttemberg 1112"]
[Site "Wuerttemberg"]
[Date "2011.11.13"]
[Round "3.5"]
[White "Sokratov, Stanislav"]
[Black "Haas, Wilhelm"]
[Result "1-0"]
[WhiteElo "2208"]
[BlackElo "2164"]
[PlyCount "81"]
[EventDate "2011.10.09"]
[EventType "team-tourn"]
[EventRounds "9"]
[EventCountry "GER"]
[SourceTitle "EXT 2019"]
[Source "ChessBase"]
[SourceDate "2018.10.10"]
[SourceVersion "1"]
[SourceVersionDate "2018.10.10"]
[SourceQuality "1"]
[WhiteTeam "Biberach"]
[BlackTeam "Stuttgart SF II"]
[WhiteTeamCountry "GER"]
[BlackTeamCountry "GER"]

1. d4 Nf6 2. c4 e6 3. g3 d5 4. Bg2 Be7 5. Nf3 c6 6. Qc2 Nbd7 7. 0-0 0-0 8. Nbd2 Re8 9. e4 dxe4 10. Nxe4 Nxe4 11. Qxe4 Nf6 12. Qc2 c5 13. Rd1 cxd4 14. Rxd4 Qb6 15. Bf4 Bc5 16. Rd2 h6 17. Rad1 Bb4 18. Re2 a5 19. Ne5 a4 20. Nd3 Be7 21. Be3 Qa5 22. Bd2 Qa6 23. Bb4 Bxb4 24. Nxb4 Qb6 25. a3 Ra5 26. Red2 Qc7 27. Rc1 Bd7 28. c5 Bc6 29. Nxc6 bxc6 30. Rd4 Rea8 31. Qd1 Nd5 32. Rcc4 Qa7 33. Qc2 Rb8 34. Bf3 Rb3 35. Bd1 Rbb5 36. Rxa4 Rxc5 37. Rdc4 Rxc4 38. Rxc4 c5 39. Ra4 Rxa4 40. Qxa4 g6 41. Qxa7 1-0

[Event "Oberliga Wuerttemberg 1011"]
[Site "Wuerttemberg"]
[Date "2011.01.23"]
[Round "5"]
[White "Namyslo, Holger"]
[Black "Haas, Wilhelm"]
[Result "1-0"]
[WhiteElo "2269"]
[BlackElo "2140"]
[PlyCount "81"]
[EventDate "2010.09.26"]
[EventType "team-tourn"]
[EventRounds "9"]
[EventCountry "GER"]
[SourceTitle "EXT 2019"]
[Source "ChessBase"]
[SourceDate "2018.10.10"]
[SourceVersion "1"]
[SourceVersionDate "2018.10.10"]
[SourceQuality "1"]
[WhiteTeam "Biberach"]
[BlackTeam "Stuttgart SF II"]
[WhiteTeamCountry "GER"]
[BlackTeamCountry "GER"]

1. e4 c5 2. c3 Nf6 3. e5 Nd5 4. d4 cxd4 5. Nf3 Nc6 6. Bc4 Nb6 7. Bb3 e6 8. 0-0 d5 9. cxd4 Be7 10. Nc3 a6 11. a3 Bd7 12. Bc2 Nc4 13. b3 N4a5 14. Qd3 h6 15. Rd1 b5 16. b4 Nc4 17. Nd2 Qb6 18. Nxc4 bxc4 19. Qg3 g5 20. Na4 Qc7 21. Be3 Nd8 22. f4 Rg8 23. Nc3 Qb7 24. Qg4 Bc6 25. f5 Qd7 26. Rf1 Bf8 27. Rf2 Qe7 28. Raf1 Kd7 29. Ba4 Bxa4 30. Nxa4 Kc6 31. Nc5 Qe8 32. Qh5 Bxc5 33. bxc5 Rh8 34. Rb2 Kc7 35. Bd2 Nc6 36. fxe6 fxe6 37. Qf7+ Qxf7 38. Rxf7+ Kd8 39. Rbb7 Nxd4 40. Ba5+ Ke8 41. Rbe7# 1-0

[Event "Oberliga Wuerttemberg 1011"]
[Site "Wuerttemberg"]
[Date "2010.10.17"]
[Round "2"]
[White "Denisow, Jewgeny"]
[Black "Haas, Wilhelm"]
[Result "0-1"]
[WhiteElo "2167"]
[BlackElo "2140"]
[PlyCount "89"]
[EventDate "2010.09.26"]
[EventType "team-tourn"]
[EventRounds "9"]
[EventCountry "GER"]
[SourceTitle "EXT 2019"]
[Source "ChessBase"]
[SourceDate "2018.10.10"]
[SourceVersion "1"]
[SourceVersionDate "2018.10.10"]
[SourceQuality "1"]
[WhiteTeam "Schwaebisch Gmuend"]
[BlackTeam "Stuttgart SF II"]
[WhiteTeamCountry "GER"]
[BlackTeamCountry "GER"]

1. e4 c5 2. d4 cxd4 3. c3 dxc3 4. Nxc3 Nc6 5. Nf3 d6 6. Bc4 e6 7. 0-0 Be7 8. Qe2 a6 9. a4 Nf6 10. Rd1 Qc7 11. Be3 0-0 12. Rac1 Re8 13. Bb3 h6 14. Nd5 exd5 15. exd5 Bd7 16. Qc4 Nxd5 17. Rxd5 Be6 18. Qd3 Bxd5 19. Bxd5 Bf6 20. Qg6 Rxe3 21. fxe3 Qe7 22. Re1 Bxb2 23. Qc2 Bf6 24. Qb3 Rc8 25. Rb1 Rc7 26. h3 g6 27. Nd2 Kg7 28. Ne4 Be5 29. Rf1 f5 30. Nd2 Bf6 31. Nc4 Ne5 32. Nb6 Rc3 33. Qb1 Rxe3 34. Nc8 Qd7 35. Bxb7 Nf7 36. a5 Rc3 37. Kh1 Rxc8 38. Bxc8 Qxc8 39. Rc1 Qe6 40. Qb6 Qe2 41. Qb4 Be5 42. Qc4 Qd2 43. Rb1 Qxa5 44. g3 Qc3 45. Qa2 0-1

[Event "Oberliga Wuerttemberg 0910"]
[Site "Wuerttemberg"]
[Date "2010.03.21"]
[Round "8.2"]
[White "Haas, Wilhelm"]
[Black "Lobzhanidze, Davit"]
[Result "1/2-1/2"]
[WhiteElo "2098"]
[BlackElo "2483"]
[PlyCount "117"]
[EventDate "2009.10.11"]
[EventType "team-tourn"]
[EventRounds "9"]
[EventCountry "GER"]
[SourceTitle "EXT 2019"]
[Source "ChessBase"]
[SourceDate "2018.10.10"]
[SourceVersion "1"]
[SourceVersionDate "2018.10.10"]
[SourceQuality "1"]
[WhiteTeam "Stuttgart SF II"]
[BlackTeam "Rommelshausen"]
[WhiteTeamCountry "GER"]
[BlackTeamCountry "GER"]

1. d4 Nf6 2. c4 e6 3. Nf3 Bb4+ 4. Bd2 Qe7 5. a3 Bxd2+ 6. Nbxd2 d6 7. e3 e5 8. dxe5 dxe5 9. Be2 0-0 10. h3 c5 11. 0-0 e4 12. Nh2 Nc6 13. Qc2 Bf5 14. Rfd1 h5 15. Nhf1 h4 16. Qc3 Ne5 17. b4 b6 18. Rab1 Rac8 19. bxc5 bxc5 20. Rb5 Rc6 21. f4 exf3 22. Nxf3 Nxf3+ 23. Bxf3 Ne4 24. Bxe4 Bxe4 25. Rb2 Rg6 26. Rf2 Qg5 27. Qd2 Rb8 28. a4 Kh7 29. Qe2 Bc6 30. a5 Re8 31. Rd2 f5 32. Rf4 Re4 33. Qf2 Rxf4 34. exf4 Qf6 35. Qxc5 Be4 36. Qxa7 Qc3 37. Qf2 Rxg2+ 38. Qxg2 Bxg2 39. Rxg2 Qxc4 40. Rf2 Qa4 41. Nd2 Qxa5 42. Nf3 Qd8 43. Ng5+ Kg6 44. Rf3 Qd5 45. Kg2 Qd2+ 46. Kh1 Kf6 47. Kg1 Ke7 48. Kh1 Kd6 49. Kg1 Kd5 50. Kh1 Qe1+ 51. Kg2 Kd4 52. Kh2 Qd2+ 53. Kh1 Qa2 54. Kg1 Qe2 55. Kh1 Qd1+ 56. Kg2 Qe1 57. Kh2 Qe2+ 58. Kg1 Qa2 59. Kh1 1/2-1/2

[Event "Oberliga Wuerttemberg 0910"]
[Site "Wuerttemberg"]
[Date "2010.01.10"]
[Round "5.5"]
[White "Latzke, Boris Alexander"]
[Black "Haas, Wilhelm"]
[Result "1-0"]
[WhiteElo "2224"]
[BlackElo "2098"]
[PlyCount "49"]
[EventDate "2009.10.11"]
[EventType "team-tourn"]
[EventRounds "9"]
[EventCountry "GER"]
[SourceTitle "EXT 2019"]
[Source "ChessBase"]
[SourceDate "2018.10.10"]
[SourceVersion "1"]
[SourceVersionDate "2018.10.10"]
[SourceQuality "1"]
[WhiteTeam "Bebenhausen"]
[BlackTeam "Stuttgart SF II"]
[WhiteTeamCountry "GER"]
[BlackTeamCountry "GER"]

1. d4 Nf6 2. c4 e6 3. Nf3 b6 4. g3 Bb7 5. Bg2 Bb4+ 6. Nbd2 0-0 7. 0-0 Re8 8. a3 Bf8 9. b3 d6 10. Bb2 c5 11. Qc2 cxd4 12. Bxd4 Nbd7 13. Rfd1 Qc7 14. Rac1 Rac8 15. Qb2 a6 16. Ne1 Bxg2 17. Nxg2 Qb7 18. Rc2 Rc7 19. Rdc1 Rec8 20. Ne1 Ne4 21. f3 Nxd2 22. Rxd2 b5 23. cxb5 Rxc1 24. Qxc1 Qxb5 25. Rd3 1-0

[Event "Oberliga Wuerttemberg 0910"]
[Site "Wuerttemberg"]
[Date "2009.10.25"]
[Round "2.5"]
[White "Haas, Wilhelm"]
[Black "Kalnins, Andris"]
[Result "1-0"]
[WhiteElo "2098"]
[BlackElo "2158"]
[PlyCount "67"]
[EventDate "2009.10.11"]
[EventType "team-tourn"]
[EventRounds "9"]
[EventCountry "GER"]
[SourceTitle "EXT 2019"]
[Source "ChessBase"]
[SourceDate "2018.10.10"]
[SourceVersion "1"]
[SourceVersionDate "2018.10.10"]
[SourceQuality "1"]
[WhiteTeam "Stuttgart SF II"]
[BlackTeam "Stuttgart Wolfbusch"]
[WhiteTeamCountry "GER"]
[BlackTeamCountry "GER"]

1. d4 g6 2. c4 Bg7 3. Nf3 d6 4. Nc3 Nd7 5. e4 e6 6. Be2 Ne7 7. Be3 h6 8. Qd2 b6 9. 0-0-0 Bb7 10. g4 Nf6 11. g5 Nxe4 12. Nxe4 Bxe4 13. gxh6 Bf6 14. Rhg1 Nf5 15. Bf4 Qd7 16. Ng5 Bb7 17. Nf3 Qa4 18. Kb1 Be4+ 19. Ka1 0-0-0 20. Bg5 Bxf3 21. Bxf6 Bxe2 22. Qxe2 Rxh6 23. Bxd8 Kxd8 24. b3 Qb4 25. Kb2 Rh3 26. f3 b5 27. a3 Qa5 28. cxb5 Qb6 29. Rg4 Qb7 30. d5 e5 31. a4 Qb6 32. Re4 Nd4 33. Rdxd4 f5 34. Rh4 1-0

[Event "Oberliga Wuerttemberg 0809"]
[Site "Wuerttemberg"]
[Date "2009.03.01"]
[Round "7.3"]
[White "Jurek, Josef"]
[Black "Haas, Wilhelm"]
[Result "1-0"]
[WhiteElo "2335"]
[BlackElo "2098"]
[PlyCount "51"]
[EventDate "2008.10.12"]
[EventType "team-tourn"]
[EventRounds "9"]
[EventCountry "GER"]
[SourceTitle "EXT 2019"]
[Source "ChessBase"]
[SourceDate "2018.10.10"]
[SourceVersion "1"]
[SourceVersionDate "2018.10.10"]
[SourceQuality "1"]
[WhiteTeam "Schwaebisch Gmuend"]
[BlackTeam "Stuttgart SF II"]
[WhiteTeamCountry "GER"]
[BlackTeamCountry "GER"]

1. Nf3 d5 2. c4 d4 3. e3 c5 4. b4 dxe3 5. fxe3 cxb4 6. d4 e6 7. Bd3 Nc6 8. 0-0 Be7 9. Bb2 Bf6 10. Nbd2 Nh6 11. Ne4 Ng4 12. Qe2 Be7 13. Rad1 0-0 14. Bb1 f5 15. Ng3 Qc7 16. Nh5 Na5 17. Bd3 g6 18. Nf4 Bd7 19. h3 Nf6 20. Ng5 Qd6 21. e4 Nxe4 22. Nxe4 fxe4 23. Qxe4 e5 24. dxe5 Qb6+ 25. Bd4 Bc5 26. Qd5+ 1-0

[Event "Boeblingen op 25th"]
[Site "Boeblingen"]
[Date "2008.12.27"]
[Round "2"]
[White "Haas, Wilhelm"]
[Black "Rojas Keim, Luis Alberto"]
[Result "0-1"]
[WhiteElo "2156"]
[BlackElo "2435"]
[PlyCount "62"]
[EventDate "2008.12.26"]
[EventType "swiss"]
[EventRounds "9"]
[EventCountry "GER"]
[SourceTitle "CBM 128 Extra"]
[Source "ChessBase"]
[SourceDate "2009.03.05"]
[SourceVersion "2"]
[SourceVersionDate "2009.03.25"]
[SourceQuality "1"]

1. d4 Nf6 2. c4 e6 3. Nf3 c5 4. e3 d5 5. Nc3 Nc6 6. Be2 dxc4 7. Bxc4 cxd4 8. exd4 Be7 9. 0-0 0-0 10. Bf4 b6 11. Rc1 Bb7 12. h3 Rc8 13. Be2 Nd5 14. Bg3 Bd6 15. Ne5 Nce7 16. Bd3 f6 17. Qh5 Nf5 18. Bxf5 exf5 19. Nf3 g6 20. Qh6 f4 21. Nxd5 Rxc1 22. Rxc1 fxg3 23. Nf4 Qe7 24. Re1 gxf2+ 25. Kxf2 Qf7 26. b3 Rc8 27. Ne2 g5 28. g4 Rc2 29. h4 Bf8 30. Qh5 Qd5 31. Nfg1 Qxd4+ 0-1

[Event "BL2-Sued 0607"]
[Site "Germany"]
[Date "2007.02.04"]
[Round "5.7"]
[White "Jeitz, Christian"]
[Black "Haas, Wilhelm"]
[Result "1-0"]
[WhiteElo "2165"]
[BlackElo "2160"]
[PlyCount "93"]
[EventDate "2006.10.15"]
[EventType "team-tourn"]
[EventRounds "9"]
[EventCountry "GER"]
[SourceTitle "EXT 2008"]
[Source "ChessBase"]
[SourceDate "2007.11.25"]
[SourceVersion "1"]
[SourceVersionDate "2007.11.25"]
[SourceQuality "1"]
[WhiteTeam "Trier"]
[BlackTeam "Stuttgart"]
[WhiteTeamCountry "GER"]
[BlackTeamCountry "GER"]

1. e4 c5 2. Nf3 d6 3. Bb5+ Bd7 4. Bxd7+ Qxd7 5. c4 Nc6 6. Nc3 g6 7. d4 cxd4 8. Nxd4 Bg7 9. Be3 Ne5 10. b3 Ng4 11. Bg5 h6 12. Bh4 N8f6 13. 0-0 0-0 14. Qd2 Kh7 15. f3 Ne5 16. Rac1 Rad8 17. Rfd1 Nc6 18. Bf2 a6 19. a4 Nh5 20. Nd5 e6 21. Nb6 Qc7 22. Nxc6 bxc6 23. Qa5 Nf4 24. Rc2 Qb7 25. Rcd2 Be5 26. Be3 g5 27. g3 Ng6 28. c5 d5 29. Kg2 f5 30. exd5 exd5 31. Bd4 Rde8 32. Re1 Bxd4 33. Rxd4 Qg7 34. Rxe8 Rxe8 35. Qd2 f4 36. b4 Qe5 37. b5 axb5 38. axb5 fxg3 39. hxg3 h5 40. Nd7 Qe7 41. bxc6 h4 42. Rxd5 hxg3 43. Rxg5 Nh4+ 44. Kxg3 Nf5+ 45. Rxf5 Rg8+ 46. Kh3 Qe6 47. Nf6+ 1-0

[Event "Bundesliga 0405"]
[Site "Germany"]
[Date "2004.12.11"]
[Round "5.8"]
[White "Haas, Wilhelm"]
[Black "Zysk, Robert"]
[Result "0-1"]
[WhiteElo "2181"]
[BlackElo "2462"]
[PlyCount "58"]
[EventDate "2004.11.12"]
[EventType "team-tourn"]
[EventRounds "15"]
[EventCountry "GER"]
[SourceTitle "CBM 105"]
[Source "ChessBase"]
[SourceDate "2005.04.11"]
[SourceVersion "1"]
[SourceVersionDate "2005.04.11"]
[SourceQuality "1"]
[WhiteTeam "Stuttgart"]
[BlackTeam "Solingen"]
[WhiteTeamCountry "GER"]
[BlackTeamCountry "GER"]

1. d4 f5 2. g3 Nf6 3. Bg2 g6 4. c3 Bg7 5. Qb3 Nc6 6. Nh3 e6 7. Nf4 Qe7 8. 0-0 g5 9. Nd3 h6 10. Nd2 d5 11. Nf3 Ne4 12. a4 b6 13. Qc2 a5 14. b3 Bb7 15. Ba3 Qf7 16. e3 g4 17. Nfe1 h5 18. c4 h4 19. cxd5 exd5 20. Nf4 hxg3 21. hxg3 Bxd4 22. exd4 Qh7 23. Nh3 Nxd4 24. Qd3 c5 25. Bb2 Ba6 26. Qe3 Ne2+ 27. Qxe2 Bxe2 28. Bxh8 gxh3 29. Bxe4 fxe4 0-1

[Event "Oberliga Wuerttemberg 0304"]
[Site "Wuerttemberg"]
[Date "2003.10.26"]
[Round "2.4"]
[White "Albrecht, Holger"]
[Black "Haas, Wilhelm"]
[Result "1-0"]
[WhiteElo "2223"]
[BlackElo "2170"]
[PlyCount "80"]
[EventDate "2003.09.28"]
[EventType "team"]
[EventRounds "9"]
[EventCountry "GER"]
[SourceTitle "EXT 2006"]
[Source "ChessBase"]
[SourceDate "2005.11.24"]
[SourceVersion "1"]
[SourceVersionDate "2005.11.24"]
[SourceQuality "1"]
[WhiteTeam "Schwaebisch Gmuend"]
[BlackTeam "Stuttgart II"]
[WhiteTeamCountry "GER"]
[BlackTeamCountry "GER"]

1. d4 Nf6 2. c4 c5 3. Nf3 g6 4. Nc3 cxd4 5. Nxd4 Bg7 6. e4 d6 7. Be2 0-0 8. 0-0 Nc6 9. Be3 Bd7 10. f3 Nxd4 11. Bxd4 Bc6 12. Qd2 Nd7 13. Rac1 Bxd4+ 14. Qxd4 a5 15. Rfd1 Qb6 16. Qxb6 Nxb6 17. Kf2 Nd7 18. Nd5 Bxd5 19. Rxd5 Rfc8 20. b3 Rc5 21. Rcd1 Rac8 22. Ke3 Kf8 23. a3 Rxd5 24. Rxd5 b6 25. f4 Rc6 26. b4 axb4 27. axb4 Rc7 28. Kd4 Nf6 29. Rb5 Nd7 30. e5 dxe5+ 31. fxe5 e6 32. c5 bxc5+ 33. bxc5 Ke7 34. Bf3 f6 35. exf6+ Nxf6 36. h3 Ne8 37. Rb8 Nf6 38. Rb5 Nd7 39. c6 Nf6 40. Ke5 Ne8 1-0

[Event "Filseck op 2nd"]
[Site "Filseck"]
[Date "1998.??.??"]
[Round "?"]
[White "Nedela, Vlastimil"]
[Black "Haas, Wilhelm"]
[Result "1-0"]
[WhiteElo "2330"]
[BlackElo "1990"]
[PlyCount "81"]
[EventDate "1998.??.??"]
[EventType "swiss"]
[EventRounds "7"]
[EventCountry "GER"]
[SourceTitle "EXT 2006"]
[Source "ChessBase"]
[SourceDate "2005.11.24"]
[SourceVersion "1"]
[SourceVersionDate "2005.11.24"]
[SourceQuality "1"]

1. e4 c5 2. Nf3 d6 3. Bc4 Nc6 4. d3 Nf6 5. Bb3 Bg4 6. c3 e6 7. h3 Bh5 8. Bf4 Be7 9. Nbd2 0-0 10. Qe2 b5 11. g4 Bg6 12. h4 h5 13. g5 Nd7 14. Nf1 Na5 15. Bc2 e5 16. Bd2 c4 17. d4 Nb7 18. Ng3 d5 19. Nxe5 Nxe5 20. dxe5 Nc5 21. f4 Bxe4 22. Nxe4 dxe4 23. Bxe4 g6 24. 0-0-0 Qa5 25. Kb1 Rad8 26. f5 Nxe4 27. Qxe4 gxf5 28. Qxf5 Qb6 29. g6 fxg6 30. Qe4 Qe6 31. Be3 Rxd1+ 32. Rxd1 Qf5 33. Qc2 Bxh4 34. Bxa7 Qxc2+ 35. Kxc2 Bg3 36. Rd6 Kf7 37. Bd4 Re8 38. Rf6+ Kg7 39. e6 Kg8 40. Rxg6+ Kh7 41. Rxg3 1-0